000 00911nam2a2200241 4500
001 RU\NLR\bibl\1693131
005 20250616055046.0
010 _a978-5-699-39732-7
021 _aRU
_b2010-10818
_9510д/2010
035 _a(NLR Aleph) 001684239
090 _a1120521
_c1120521
100 _a20101030d2010 |||y0rusy50 ca
101 1 _arus
_ceng
102 _aRU
105 _ay |||||||||
200 0 _aТ. 2
_f[пер. с англ. Т. Кудрявцевой]
215 _a669, [1] с.
461 0 _1001RU\NLR\bibl\1697387
_12001#$aУнесенные ветром$vТ. 2
_91145718
_aМитчелл, М. (1900-1949)
_cМосква
_d2010
_fМаргарет Митчелл
_nЭксмо
_o[роман] : перевод с английского : [в 2 т.]
_tУнесенные ветром
_vТ. 2
801 0 _aRU
_bNLR
_c20101030
_gRCR
801 1 _aRU
_bNLR
_c20101030
942 _cBOOK
980 _aNB